قانون المرافعات المدنية والتجارية وقانون الإثبات / (Record no. 9237)
[ view plain ]
| 000 -الفاتح | |
|---|---|
| حقل البيانات ثابتة الطول | 01209nac a22002291u 4500 |
| 008 - عناصر البيانات ثابتة الطول - معلومات عامة | |
| حقل البيانات ثابتة الطول | 101014s2007 xxu||||| |||| 00| 0 ara d |
| 082 ## - رقم تصنيف ديوى العشرى | |
| رقم التصنيف | 347.62 |
| رقم المادة | ق ا ن |
| 245 ## - بيان العنوان | |
| العنوان | قانون المرافعات المدنية والتجارية وقانون الإثبات / |
| بيان المسئوليه,etc | إعداد ومراجعة محمد رشاد عبد الوهاب ، حلمى عبد العظيم حسن |
| 250 ## - بيان الطبعة | |
| بيان الطبعة | ط 4. |
| 260 ## - PUBLICATION, DISTRIBUTION, ETC. (IMPRINT) | |
| اسم الناشر او الموزع | القاهرة : |
| تاريخ النشر أو التوزيع | الهيئة العامة لشئون المطابع الأميرية ،2007 |
| مكان الناشر او الموزع | 2007. |
| 300 ## - الوصف المادى | |
| التعداد | 254 ص ؛ |
| أبعاد الوعاء | 24 سم. |
| 650 ## - المدخل الاضافى بالموضوع-مصطلح موضوعى | |
| مصطلح موضوعي أو اسم جغرافي كعنصر مدخل | تنفيذ الأحكام |
| 9 (RLIN) | 21942 |
| 650 ## - المدخل الاضافى بالموضوع-مصطلح موضوعى | |
| مصطلح موضوعي أو اسم جغرافي كعنصر مدخل | التداعي أمام المحاكم |
| 9 (RLIN) | 21941 |
| 650 ## - المدخل الاضافى بالموضوع-مصطلح موضوعى | |
| مصطلح موضوعي أو اسم جغرافي كعنصر مدخل | المحاكم |
| 9 (RLIN) | 21940 |
| 650 ## - المدخل الاضافى بالموضوع-مصطلح موضوعى | |
| مصطلح موضوعي أو اسم جغرافي كعنصر مدخل | الدعوى المدنية |
| 9 (RLIN) | 21939 |
| 650 ## - المدخل الاضافى بالموضوع-مصطلح موضوعى | |
| مصطلح موضوعي أو اسم جغرافي كعنصر مدخل | قانون المرافعات |
| 9 (RLIN) | 20382 |
| التقسيم الفرعي الجغرافي | مصر |
| 700 ## - المدخل الاضافى - اسم شخصى | |
| الإسم الشخصى | حسن ، حلمى عبد العظيم |
| 9 (RLIN) | 20367 |
| الدور | إعداد ومراجعة |
| 700 ## - المدخل الاضافى - اسم شخصى | |
| الإسم الشخصى | عبد الوهاب ، محمد رشاد |
| 9 (RLIN) | 20368 |
| الدور | إعداد ومراجعة |
| 710 ## - المدخل الاضافى - اسم هيئه | |
| 9 (RLIN) | 20383 |
| 942 ## - عناصر المدخل الإضافي( كوها) | |
| Koha [default] item type | Book - Borrowing |
| سابقة رقم الطلب | 347.62 ق ا ن |
| مصدر التصنيف او مخطط الترفيف | Dewey Decimal Classification |
| حالة التراجع | حالة الفقد | مصدر التصنيف او خطة الترفيف | حالة تلف | ليس للاعارة | مجموعات كوها | المكان الدائم | المكان الحالي | موقع الترفيف | تاريخ الاكتساب | Source of acquisition | رقم الاستدعاء | الباركود | Date last seen | مُعار | نوع الوعاء |
|---|---|---|---|---|---|---|---|---|---|---|---|---|---|---|---|
| Dewey Decimal Classification | Central Library | Central Library | First floor | 12/01/2011 | 347.62 ق ا ن | 000011180 | 15/07/2025 | 08/11/2018 | Book - Borrowing |